| 000 | 004930000a22001690004500 | ||
|---|---|---|---|
| 060 | _a100 | ||
| 082 | _a631.810 954 YAW | ||
| 100 | _aJakate, P.N. | ||
| 100 | _aShrivastava, M.M.P. | ||
| 100 | _aYawalkar, K S | ||
| 245 | _aCommerical fertilizers in India : some recommendations for efficient use | ||
| 260 | _aNagpur, Agri - horticultural publishing house | ||
| 260 | _c1962 | ||
| 300 | _a110 | ||
| 650 | _aPlant nutrients - fertilizers/ commercial fertilizers - India | ||
| 942 | _cBK | ||
| 999 |
_c363746 _d363746 |
||